000 00730nam a2200241 i 4500
001 bg
100 1 _aSUŁKO, Kazimierz
245 1 0 _aLaboratorium z chemii technicznej /
_cKazimierz Sułko, Dariusz Ozimina.
250 _aWyd. 2.
260 _aKielce :
_bWydaw. PŚ,
_c1998.
300 _a185 s. :
_brys., wykr. ;
_c24 cm.
490 1 _aSkrypty / Politechnika Świętokrzyska,
_x0239-6386 ;
_v341
504 _aBibliogr. przy ćw.
650 9 _aTechnologia chemiczna
655 _aPodręczniki akademickie
700 1 _aOZIMINA, Dariusz
830 0 _aSkrypty (Politechnika Świętokrzyska) ;
_v341
040 _cBPK
041 0 _apl
080 _a66(075.8)
942 _cKS
008 s pl f |000 0 pol
999 _c37779
_d37779
856 _uhttp://koha.tu.koszalin.pl/cgi-bin/koha/opac-detail.pl?biblionumber=37779
_yKatalog online BPK